Music Quiz

Random Music or Song Quiz

100 Most Popular Words in Song Titles Quiz Stats

Quiz not verified by Sporcle

Also try: Musical Duos
Challenge
Share
Tweet
Embed
Score 0/100 Timer 15:00
0 Plays Today
% Correct
love
94.8%
girl
56.9%
baby
52.7%
boy
51.1%
heart
49.8%
man
48.1%
woman
46.6%
night
42.5%
song
41.1%
dance
37.7%
blue
37.3%
sun
37.2%
life
36.7%
la
35.9%
red
34.5%
kiss
33.8%
world
33.4%
ever
33.3%
moon
31.6%
star
31.4%
sing
30.5%
happy
29.5%
eyes
29.2%
rain
28%
feel
27.7%
dream
27.3%
forever
27.2%
bad
26.4%
rock
26.3%
sweet
25.9%
mine
25.8%
cry
25.6%
light
24.5%
heaven
23.4%
% Correct
hold
23.4%
lady
23.1%
music
22.7%
fire
22.3%
walk
21.7%
lover
21.7%
tonight
21.3%
summer
20.9%
people
20.6%
beautiful
20.2%
fall
20%
away
19.5%
stay
19.2%
christmas
18.9%
miss
18.9%
crazy
18.6%
days
18.6%
play
18.6%
young
18.4%
stop
18.3%
oh
18%
angel
17.8%
hey
17.7%
roll
17.7%
think
17.5%
tears
17.2%
mind
17%
please
17%
river
17%
leave
16.9%
smile
16.6%
true
16.4%
gone
16.1%
everything
16.1%
% Correct
lonely
15.9%
rose
15.9%
soul
15.9%
wish
15.9%
talk
15.8%
street
15.6%
goodbye
15%
alone
14.4%
believe
14.4%
wanna
13.9%
mr
13.9%
arms
13.6%
morning
13.6%
town
13.6%
somebody
13.3%
something
13.1%
around
12.8%
change
12.2%
gonna
12%
everybody
11.9%
things
11.9%
remember
11.4%
dear
10.6%
mama
10.2%
ain't
10%
wonderful
9.8%
nobody
9.5%
sweetheart
8.9%
theme
8.6%
comes
8.4%
fool
8.3%
moonlight
8.3%

You're not logged in!

Compare scores with friends on all Sporcle quizzes.
Sign Up with Email
OR
Log In

You Might Also Like...

Show Comments

Extras

Top Quizzes Today


Score Distribution

Your Account Isn't Verified!

In order to create a playlist on Sporcle, you need to verify the email address you used during registration. Go to your Sporcle Settings to finish the process.